20 Most Famous Cities in Uzbekistan on a Map - Statistics

General Stats
  • This quiz has been taken 93 times
  • The average score is 9 of 23
Answers on the Map
Answers color-coded by a green-red scale on the quiz's map according to % correct below.
 
Answer Stats
Wiki Monthly Views Cityquiz Mention Rate Population Answers % Correct
127.26K 37.73% 2956.38K Tashkent
99%
146.60K 16.56% 572.84K Samarkand
93%
70.26K 6.86% 266.60K Bukhara
87%
20.09K 2.84% 314.45K Fergana
73%
8.27K 1.28% 678.15K Namangan
57%
10.13K 3.23% 334.56K Nukus
57%
13.42K 1.22% 468.06K Andijan
53%
18.77K 2.48% 96.97K Khiva
51%
9.77K 1.77% 149.94K Urgench
39%
9.88K 1.72% 303.62K Kokand
37%
5.71K 0.87% 155.99K Navoiy
37%
4.36K 0.93% 191.62K Jizzakh
30%
9.43K 1.04% 195.66K Termez
30%
6.77K 1.13% 288.89K Qarshi
29%
3.29K 0.37% 246.65K Margilan
21%
2.64K 1.71% 178.52K Angren
17%
3.93K 0.25% 168.03K Chirchiq
16%
2.20K 0.25% 76.40K Guliston
16%
10.33K 0.23% 144.77K Shahrisabz
16%
3.54K 0.32% 141.89K Olmaliq
14%
2.94K - 86.50K Zarafshon
11%
3.93K 0.22% 13.50K Moynaq
7%
5.93K - 24.20K Uchquduq
7%
No matching quizzes found
Score Distribution
Percent of People with Each Score
Percentile by Number Answered
Your Score History
You have not taken this quiz